Регионална библиотека "Любен Каравелов" - Русе

Жан Пиаже - двата морала (Запис номер 21448)

MARC детайли
000 -Лидер
Контролно поле с фиксирана дължина 01899nam a2200373 c 4500
003 - Код на организацията, давaща контролен номер
Контролно поле BLK
005 - Дата и час на последна редакция
Контролно поле 20220223101148.0
008 - Елементи от данни с фиксирана дължина
fixed length control field 180413b bul|||||r ||||||| ||bul||
010 ## - Наследен системен номер
LC control number KNG00023726000
020 ## - Международен стандартен номер на книга ISBN
Международен стандартен номер на книга ISBN 954-8177-20-Х
-- издат.: М-8-М
040 ## - Източник на каталожния запис
Идентификатор на билиотеката - собственик на записа BLK
041 ## - Код за език
Код за езика на текст/звукозапис или на отделно заглавие Български
Код за езика КДБФ Български
080 ## - УДК
Текстов определител УДК Психология на детската възраст. Интелектуално развитие на децата. Психически особености. Детски представи, описани в разкази
УДК код - определител по УДК 159.922.7
УДК определител (494)(092)
УДК - код + определител 159.922.7(494)(092)
080 ## - УДК
Текстов определител УДК Етика. Учение за морала. Практическа философия. Вж и 37.034 ; 24
УДК код - определител по УДК 17
УДК определител .02:159.9
УДК - код + определител 17.02:159.9
080 ## - УДК
Текстов определител УДК
УДК код - определител по УДК 929 Пиаже, Жан
УДК определител
УДК - код + определител 929 Пиаже, Жан
100 1# - Редна дума - Автор
Автор Маринова, Емилия Василева
Авторска отговорност първи автор
R(LIN) 265674
139 ## - Редно поле
Редна дума Маринова, Емилия Василева
Авторски знак Мари - М 31
245 10 - Сведения за заглавието
Заглавие Жан Пиаже - двата морала
Подзаглавни данни В света на Моралното съждение на детето
Редно поле (дума) Емилия Василева Маринова.
257 ## - Страна на издаване
Страна на създаване/издаване България
260 ## - Област на издателските данни
-- София
Име на издателя, разпространителя и проч. М-8-М
Година на издаване 1998
300 ## - Физическа характеристика
Страници 183 с.
Размери/Мащаб 21 см
380 ## - Жанр
Жанр Философия
490 1# - СЕРИИ (Колекции)
Име на серия Psychology moral
500 ## - Общи забележки
Забележка Деп. списък: 34 ; 200 тир Място на печат: Пловдив Име на печатница: Терамолис Геогр. руб.: Швейцария
600 14 - Име на лице, използвано като предмет
За него / За нея Пиаже, Жан
9 (RLIN) 110586
650 #4 - Допълнително описание по предмет – тема
Основно описание – тема или топоним Детска и педагогическа психология
9 (RLIN) 244538
650 #4 - Допълнително описание по предмет – тема
Основно описание – тема или топоним Морал - психологични проблеми
9 (RLIN) 265675
650 #4 - Допълнително описание по предмет – тема
Основно описание – тема или топоним Психолози, швейцарски - творчество
9 (RLIN) 265676
852 ## - Местоположение
Форматна сигнатура Цб 198041
856 4# - Електронен адрес и достъп
Електронен формат pdf - файл
Път до файла /url/
856 4# - Електронен адрес и достъп
Електронен формат pdf - файл
Път до файла /url/
942 ## - АРТИКУЛИ
Вид на библиотечния материал Книги
Скрит в OPAC Не
Koha issues (borrowed), all copies 3
944 ## - СЪЗДАВАНЕ И РЕДАКЦИЯ на ЗАПИСА
Създаване/Редакция Създаване
Дата на регистрацията/редакция 15.01.2003
Служител, извършил регистрацията/редакцията Кети_Илиева
944 ## - СЪЗДАВАНЕ И РЕДАКЦИЯ на ЗАПИСА
Създаване/Редакция Редакция
Дата на регистрацията/редакция 11.04.2006
Служител, извършил регистрацията/редакцията
999 ## - СИСТЕМНИ КОНТРОЛНИ НОМЕРА
Koha biblionumber 21448
Koha biblioitemnumber 21448
Наличности
Код за отписване Код за изгубен артикул Източник на класификационната схема Код за повреда Коз за рестрикции Код за отдаване Артикулен № Име на библиотеката - собственик Име на библиотеката, в която се намира в момента Статус (Текущо местоположение) Дата на вписване в системата Местоположение - отдел Цена в лева Инвентарен номер Систематично азбучна сигнатура Баркод Номер на екземпляра Цена в евро Служебен тип на артикула Служебна бележка
  Не е изгубен Universal Decimal Classification Не е повреден без рестрикции ползва се в читалня 35438 Регионална библиотека "Любен Каравелов" Русе Регионална библиотека "Любен Каравелов" Русе Хранилище 2001-01-01 Хранилище 0.00 643652 Цб 198041 120000643652 1 0.00 Книги  
  Не е изгубен Universal Decimal Classification Не е повреден без рестрикции ползва се в читалня 35439 Регионална библиотека "Любен Каравелов" Русе Регионална библиотека "Любен Каравелов" Русе Читалня 2001-01-01 Читалня 5.40 644838 Ч 159.9/М 31 120000644838 2 2.76 Книги Дата инв: 21.03.2017 Бележки инв: Ч2017
Vip Innovations Ltd, Rousse, Bulgaria 2025